000 00599cam a2200229 4500
008 090401t1994 xxu||||| |||| 00| 0 eng d
020 _a085125649X
035 _a(Sirsi) u38936
041 _aeng
050 _a690
110 _aBuilding Research Establishment
245 _aOriented strand board.
260 _aGarston, Watford
_bBuilding Research Establishment
_c1994
300 _a4p. ; 30cm.
350 _a0
490 _aBRE Digest
_v400
650 _aORIENTED STRAND BOARD
650 _aOSB
690 _aBUILT ENVIRONMENT-BUILDING MATERIALS
942 _n0
948 _c04/03/1997
999 _c90736
_d90736